000 00722nam a2200289Ia 4500
001 Z_1199
003 CHAP
008 220113s1987 xx 000 0 und d
010 _a164287
040 _cCHAP
082 _a636.085 N31
100 _aNational Research Council. Washington
_9137241
245 _aVitamin tolerance of animals /
_cby National Research Council
260 _aWashington, D. C. :
_bNational Academy,
_c1987
300 _a96 p. : tablas
440 _a
500 _a
503 _a
650 0 _aNutrición animal
_9137346
650 _aVitaminas en nutrición animal
_9120022
901 _a636.085 N31
902 _aA
910 _a1987
942 _c1
942 _cc1
999 _c164287
_d164287